Llista dels noms dels municipis de Catalunya / dreçada per la Secció Filològica de l'Institut d'Estudis Catalans amb la col·laboració de la ponència de Divisió Territorial
MARC
| LEADER | 00000nam a2200000Ia 4500 | ||
|---|---|---|---|
| 001 | 1173 | ||
| 003 | BGR | ||
| 005 | 20260410113635.0 | ||
| 008 | 160829s1933 xx 000 0 cat d | ||
| 080 | |a RF-3-62 | ||
| 245 | |a Llista dels noms dels municipis de Catalunya / dreçada per la Secció Filològica de l'Institut d'Estudis Catalans amb la col·laboració de la ponència de Divisió Territorial | ||
| 260 | |a Barcelona : |b Generalitat de Catalunya, |c 1933 | ||
| 300 | |a 31 p. ; |c 21 cm | ||
| 590 | |a Text a dues columnes. | ||
| 590 | |a Prové de OPP-4708. | ||
| 590 | |a Hi ha un duplicat: DUP-21-70 | ||
| 650 | |a Topònims |x Catalunya |9 47176 | ||
| 650 | |a Municipis |x Catalunya |x Directoris |9 47177 | ||
| 710 | 1 | |a Catalunya. |b Generalitat |9 12125 | |
| 710 | 2 | |a Institut d'Estudis Catalans |b Secció Filològica |9 52284 | |
| 856 | 4 | |u https://media.diba.cat/diba/fitxers/arxiu/fulletons/bib_1173_1933_baixa.pdf |y Accés lliure | |
| 856 | 4 | |u https://media.diba.cat/diba/fitxers/arxiu/fulletons/bib_1173_1933_baixa.pdf |y Accés lliure | |
| 900 | |a bib_1173_1933_baixa.pdf | ||
| 901 | |a Arxiu | ||
| 942 | |n 1 |2 udc |c MON | ||
| 952 | |0 0 |1 0 |4 0 |6 RF362 |7 1 |9 53721 |a Arxiu |b Arxiu |d 2016-12-01 |l 0 |o RF-3-62 |p 1173 |r 2016-12-01 00:00:00 |w 2016-12-01 |y ARXIU | ||
| 999 | |c 57587 |d 57587 | ||